Η ιστορία των διακοσμητικών τεχνών & της αρχιτεκτονικής στην Ευρώπη & την Αμερική (1760-1914)

Αποθηκεύτηκε σε:
Λεπτομέρειες βιβλιογραφικής εγγραφής
Κύριος συγγραφέας: Τσούμας, Ιωάννης
Μορφή: Βιβλίο
Γλώσσα:Greek
Δημοσίευση: Αθήνα : Νημερτής, c2016.
Θέματα:
Ετικέτες: Προσθήκη ετικέτας
Δεν υπάρχουν, Καταχωρήστε ετικέτα πρώτοι!

MARC

LEADER 00000cam a2200000 a 4500
001 1/120214
008 191029s2016####gr | ||| |||| ||gre||
020 |a 9789609959179 
040 |a GR-MyUa  |b gre  |c GR-MyUa  |e AACR2 
041 0 |a gre 
082 7 |a 745.409   |2 (23) 
100 1 |a Τσούμας, Ιωάννης. 
245 1 2 |a Η ιστορία των διακοσμητικών τεχνών & της αρχιτεκτονικής στην Ευρώπη & την Αμερική (1760-1914) /   |c Ιωάννης Τσούμας. 
260 |a Αθήνα :   |b Νημερτής,   |c c2016. 
300 |a 480 σ. :   |b εικ. ;   |c 24 εκ. 
504 |a Βιβλιογραφία: σ. 467-474. 
650 0 |a Decorative arts  |z Europe  |x History  |y 17th century. 
650 0 |a Decorative arts  |z United States  |x History  |y 18th century. 
650 0 |a Decorative arts  |z Europe  |x History  |y 18th century. 
650 0 |a Decorative arts  |z Europe  |x History  |y 20th century. 
650 0 |a Decorative arts  |z United States  |x History  |y 17th century. 
650 0 |a Decorative arts  |z United States  |x History  |y 20th century. 
650 0 |a Decoration and ornament  |x History. 
650 0 |a Design  |x History  |y 20th century. 
650 0 |a Architecture, Modern  |y 18th century. 
650 0 |a Architecture, Modern  |y 19th century. 
650 0 |a Architecture, Modern  |y 20th century. 
852 |a INST  |b SYROS  |c EUDOXUS  |e 20191029  |h 745.409 ΤΣΟ  |p 005500014027  |q 005500014027  |t EDX  |y 0 
920 |a Εύδοξος  |b Επιστροφή  |y Σύρος  |z 2019-10 
970 |a Κοντού  |b Παρασκευή  |z 29/10/2019